000 00746nam a2200205 a 4500
003 0
005 20250422144246.0
008 970114s19uu xx 00 eng d
050 _aPGS GV 709.2
_b.M843 2003
100 _aMoreno, Vanessa L.
245 _aReasons why girls engage in traditional male-dominated sports /
_cVanessa L. Moreno.
260 _aLas PiƱas City, Philippines :
_bSouthville International School and Colleges,
_c2003.
300 _a29 pages :
_billustrations :
_c28 cm.
504 _aIncludes bibliographical references.
650 _aWomen athletes
_vPsychology.
650 _aSports for women
_vSocial aspects.
650 _aWomen
_vParticipation in sports.
650 _aGender identity in sports.
942 _2lcc
_cPASS
999 _c96895
_d96895